| 000 | 00816cam a22002531 4500 | ||
|---|---|---|---|
| 001 | gs 52000035 | ||
| 003 | DLC | ||
| 005 | 20260227111358.0 | ||
| 008 | 770317s1951 dcub b f00000 eng c | ||
| 010 | _ags 52000035 //r892 | ||
| 040 |
_aU.S. Geol. Survey. Libr. _cak _dDLC |
||
| 043 | _an-us-ak | ||
| 050 | 1 |
_aQE75 _b.C5 no. 146 |
|
| 100 | 1 | 0 |
_aBarnes, Farrell F. _q(Farrell Francis), _d1905- |
| 245 | 0 | 2 | _aA review of the geology and coal resources of the Bering River coal field, Alaska. |
| 260 | 0 |
_a[Washington] _c1951. |
|
| 300 |
_a11 p. _bmaps. _c26 cm. |
||
| 490 | 1 | _aGeological Survey circular 146 | |
| 500 | _aCover title. | ||
| 504 | _a"References cited": p. 11. | ||
| 650 | 0 |
_aGeology _zAlaska _zBering River. |
|
| 650 | 0 |
_aCoal _zAlaska _zBering River. |
|
| 830 | 0 |
_aGeological Survey circular ; _v146. |
|
| 999 |
_c28608 _d28608 |
||